000
00276nam a22001217a 4500
040
_c
HS
082
_a
633
100
_a
សុក គន្ធី
245
_a
Rice post-harvest technology.
260
_a
Japan
_b
សុក គន្ធី
_c
1995
300
_a
558p.
942
_c
EK
999
_c
8701
_d
8701